LEADER 01566nam 2200397Ka 450 001 9910691887603321 005 20021119113037.0 035 $a(CKB)5470000002348524 035 $a(OCoLC)51033135 035 9 $aocm51033135 035 $a(OCoLC)995470000002348524 035 $a(EXLCZ)995470000002348524 100 $a20021119d2002 ua 0 101 0 $aeng 181 $ctxt$2rdacontent 182 $cc$2rdamedia 183 $acr$2rdacarrier 200 10$aSchool crime patterns$b[electronic resource] $ea national profile of U.S. public high schools using rates of crime reported to police : report on the study of school violence and prevention /$f[prepared for U.S. Department of Education, contract no. EA9605001 ; prepared by David Cantor ; Westat in affiliation with Gottfredson Associates, Inc.] 210 1$aWashington, DC :$cU.S. Dept. of Education, Planning and Evaluation Service,$d[2002] 300 $aAugust 2002. 300 $aTitle from title screen. 517 $aSchool crime patterns 606 $aSchool vandalism$zUnited States$vLongitudinal studies 606 $aSchool violence$zUnited States$vLongitudinal studies 615 0$aSchool vandalism 615 0$aSchool violence 700 $aCantor$b David$0803273 712 02$aUnited States.$bDepartment of Education.$bPlanning and Evaluation Service. 712 02$aGottfredson Associates. 712 02$aWestat, Inc. 801 0$bGPO 801 1$bGPO 906 $aBOOK 912 $a9910691887603321 996 $aSchool crime patterns$93432784 997 $aUNINA